Statistics for First books

Click here to take the quiz!

General Stats

  • This quiz has been taken 14 times
  • The average score is 5 of 20

Answer Stats

HintAnswer% Correct
I do not like them Sam-I-AmGreen eggs and ham
85%
On Saturday he ate through one piece of chocolate cake...The very hungry caterpillar
62%
A mouse took a stroll through the deep dark woodThe Gruffalo
54%
We can't go over it. We can't go under it. Oh no! We've got to go through it!We're going on a bear hunt
46%
Bottomley Potts covered in spots, Hercules Morse as big as a horseHairy Maclary from Donaldson's Dairy
38%
I think I can - I think I can -The Little Engine That Could
38%
Once upon a time in Spain there lived a bull and his name was ...The Story of Ferdinand
31%
...roared their terrible roars and gnashed their terrible teethWhere the wild things are
31%
... he's going to ask for a glass of milkIf you give a mouse a cookie
23%
So all we could do was to sit sit sit sitThe cat in the hat
23%
Plant a new Truffula. Treat it with care. Give it clean waterThe lorax
23%
And a comb and a brush and a bowl full of mushGoodnight moon
15%
She put on her black stockings. Her big black shoes. Her long black cloak. Her tall black hat.Meg and Mog
15%
I see a red bird looking at meBrown bear brown bear what do you see
8%
Tom Thumb in the cupboard I spy Mother HubbardEach Peach Pear Plum
8%
“No. Why are you asking me,” replies the rabbit. “I haven’t seen it. I haven’t seen any hats anywhere. I would not steal a hat."I want my hat back
8%
In an old house in Paris that was covered in vinesMadeline
8%
I told you and told you there was nothing to be afraid ofThe monster at the end of this book
8%
Once there was a tree and she loved a little boyThe giving tree
0%
Snow had fallen during the night. It covered everything as far as he could see.The Snowy Day
0%

Score Distribution

Percentile by Number Answered

Percent of People with Each Score

Your Score History

You have not taken this quiz